000 01139cam a22003494i 4500
001 17896285
003 PILC
005 20150804152809.0
008 130924s2015 ctuab 001 0 eng
010 _a 2013951253
020 _a9781133947837 (student edition)
020 _a1133947832
040 _aDLC
_beng
_erda
_cDLC
042 _apcc
050 0 0 _aHG 3881
_b.M276 2015
100 1 _aMadura, Jeff.
245 1 0 _aInternational financial management /
_cJeff Madura.
250 _a12th edition.
260 _aAustralia :
_bCengage,
_c2015.
300 _axxv, 722 pages :
_bcolor illustrations, maps ;
_c26 cm.
500 _aPrevious edition: Mason, OH : South-Western, Cengage Learning, c2012.
500 _aIncludes index.
650 0 _aInternational finance.
650 0 _aForeign exchange.
650 0 _aAsset-liability management.
650 0 _aBanks and banking, International.
650 0 _aInternational business enterprises
_xFinance.
906 _a7
_bcbc
_corigcop
_d2
_eepcn
_f20
_gy-gencatlg
942 _2lcc
_cBK
_kFOR
999 _c288315
_d288315